One Night @ The Call Center (Record no. 312638)

MARC details
000 -LEADER
fixed length control field 00381nam a2200157Ia 4500
008 - FIXED-LENGTH DATA ELEMENTS--GENERAL INFORMATION
fixed length control field 230718s9999 xx 000 0 und d
041 ## - LANGUAGE CODE
Language code of text/sound track or separate title eng
082 ## - DEWEY DECIMAL CLASSIFICATION NUMBER
Classification number 823.3
Item number BHA
100 ## - MAIN ENTRY--PERSONAL NAME
Personal name Bhagat C.
9 (RLIN) 109656
245 ## - TITLE STATEMENT
Title One Night @ The Call Center
260 ## - PUBLICATION, DISTRIBUTION, ETC. (IMPRINT)
Date of publication, distribution, etc. 2005
Name of publisher, distributor, etc. Rupa
300 ## - PHYSICAL DESCRIPTION
Extent 291
365 ## - TRADE PRICE
Currency code Rs.
Price amount 95.00
700 ## - ADDED ENTRY--PERSONAL NAME
Personal name Bhagat C.
9 (RLIN) 109656
906 ## - LOCAL DATA ELEMENT F, LDF (RLIN)
d 1153/31.1.06
c OTH
b 19
Holdings
Withdrawn status Lost status Damaged status Not for loan Home library Current library Date acquired Vendor Budget Code Cost, normal purchase price Bill number Total Checkouts Full call number Barcode Date last seen Discount Cost, replacement price Bill Date Koha item type Original Barcode
        Cummins College of Engineering for Women Pune Cummins College of Engineering for Women Pune 28/02/2006 Goels Computer Hut OTH 76.00 1153/31.1.06   823.3 CCEP-BK-23845 18/07/2023 19 95.00 31/01/2006 Books 023845